Trollied characters Quiz Stats

Quiz not verified by Sporcle

Challenge
Share
Tweet
Embed
Score 0/22 Timer 10:00
0 Plays Today
actor/actress Character % Correct
Jason WatkinsGavin Strong
98.1%
Jane HorrocksJulie Cook
95.6%
Mark AddyAndy
90.5%
Carl RiceColin
86.1%
Chanel CresswellKatie
84.2%
Rita MayMargaret
82.3%
Beverly RuddLisa
82.3%
Joel FryLeighton
81.6%
Lorraine CheshireSue
81.6%
Dominic ColemanNeville
81.6%
Stephanie BeachamLorraine
80.4%
actor/actress Character % Correct
Nick BloodKieran
77.8%
Chris GeereRichard France
76.6%
Faye McKeeverLinda
74.1%
Victor McGuireIan
68.4%
Catherine TyldesleyEmma
66.5%
Adeel AkhtarRay
65.8%
Jo EnrightSharon
64.6%
Danny KirraneDave
61.4%
Elizabeth BowerAnna
59.5%
Rory NolanAndrew
55.1%
Debbie ChazenSarah
48.1%

You're not logged in!

Compare scores with friends on all Sporcle quizzes.
Sign Up with Email
OR
Log In

You Might Also Like...

Show Comments

Extras

Top Quizzes Today


Score Distribution

Your Account Isn't Verified!

In order to create a playlist on Sporcle, you need to verify the email address you used during registration. Go to your Sporcle Settings to finish the process.